000 00998nam0a22002891 4500
001 RU\NLR\BIBL_A\022671351
005 20260406070357.0
035 _a(NLR Aleph) 022671351
035 _a(RuMoRGB)005298212
035 _a(RuMoELAR)1917-45-00405795
090 _a13469368
_c13469368
100 _a20251121d1935 u y0rusy50 ca
101 0 _arus
102 _aRU
105 _ay||||||||||||
181 0 _ai
_baxxe
182 0 _an
200 1 _aИзбранные рассказы
_fБорис Пильняк
203 _aТекст
_bвизуальный
_cнепосредственный
210 _aМосква
_cГослитиздат
_d1935
_eКуйбышев
_gтип. им. Мяги
215 _aПереплет, 317, [2] с.
_d20х14 см
300 _aПереплет: Д. Бажанов
700 1 _8rus
_7ca
_aПильняк
_bБ. А.
_f1894-1938
_gБорис Андреевич
_3RU\NLR\AUTH\7715661
_9125309
852 _aNLR
_j35-3/425
942 _cBOOK
980 _aNB